Проблемное обучение в школах Татарии (Запись № 7681756)
[ простой вид ]
| 000 -МАРКЕР | |
|---|---|
| контрольное поле | 02542nam1a2200349 i 4500 |
| 001 - ИДЕНТИФИКАТОР ЗАПИСИ | |
| контрольное поле | rc\3571052 |
| 005 - ИДЕНТИФИКАТОР ВЕРСИИ | |
| контрольное поле | 20240921141620.0 |
| 035 ## - ДРУГИЕ СИСТЕМНЫЕ НОМЕРА | |
| Идентификатор записи | (NLR Aleph) 007800650 |
| 100 ## - ДАННЫЕ ОБЩЕЙ ОБРАБОТКИ | |
| Данные общей обработки | 20130115g19729999u y0rusy50 ca |
| 101 0# - ЯЗЫК РЕСУРСА | |
| Язык текста, звукозаписи и т.д. | русский |
| 102 ## - СТРАНА ПУБЛИКАЦИИ ИЛИ ПРОИЗВОДСТВА | |
| Страна публикации | Российская Федерация |
| 105 ## - ПОЛЕ КОДИРОВАННЫХ ДАННЫХ: ТЕКСТОВЫЕ МАТЕРИАЛЫ, МОНОГРАФИЧЕСКИЕ | |
| Кодированные данные о монографическом текстовом документе | z ||||| |
| 200 1# - ЗАГЛАВИЕ И СВЕДЕНИЯ ОБ ОТВЕТСТВЕННОСТИ | |
| Основное заглавие | Проблемное обучение в школах Татарии |
| Сведения, относящиеся к заглавию | Метод. пособие |
| -- | [Сборник статей материалов научно-методической конференции по вопросам теории и практики проблемного обучения, Казань, 1972, а также научно-методического семинара по совершенствованию учебно-воспитательного процесса, г. Набережные Челны, март 1974 года |
| -- | В 4 вып.] |
| Первые сведения об ответственности | Под ред. [и с предисл.] чл.-кор. АПН СССР М.И. Махмутова. Вып. 1- |
| Последующие сведения об ответственности | М-во просвещения Татар. АССР. Казан. дидакт. лаб. НИИ общей педагогики АПН СССР. Татар. ин-т усовершенствования учителей |
| 210 ## - ПУБЛИКАЦИЯ, РАСПРОСТРАНЕНИЕ И ДР. | |
| Место издания, распространения и т.д. | Казань |
| Имя издателя, распространителя и т. д. | Изд-во Казан. ун-та |
| Дата издания, распространения и т.д. | 1972 |
| 215 ## - ФИЗИЧЕСКАЯ ХАРАКТЕРИСТИКА | |
| Размеры | 20 |
| 300 ## - ОБЩИЕ ПРИМЕЧАНИЯ | |
| Текст примечания | На обороте тит. л. сост.: Л.А. Могильнер, Н.Ш. Хайритдинова, В.К. Холявин, В.С. Чихирева |
| 606 1# - НАИМЕНОВАНИЕ ТЕМЫ КАК ПРЕДМЕТ | |
| Наименование темы | Школы |
| Формальный подзаголовок | Методические пособия |
| Тематический подзаголовок | Преподавание |
| Географический подзаголовок | Татарская АССР |
| Системный номер авторитетной/нормативной записи | 2539461 |
| Идентификатор авторитетной/нормативной записи | RU\NLR\AUTH\6601717090 |
| 686 1# - ИНДЕКСЫ ДРУГИХ КЛАССИФИКАЦИЙ | |
| Индекс | Ч421.2я8 |
| 702 #1 - ИМЯ ЛИЦА - ВТОРИЧНАЯ ОТВЕТСТВЕННОСТЬ | |
| Начальный элемент ввода | Колявин |
| Часть имени, кроме начального элемента ввода | В.К. |
| Код отношения | Составитель |
| 702 #1 - ИМЯ ЛИЦА - ВТОРИЧНАЯ ОТВЕТСТВЕННОСТЬ | |
| Начальный элемент ввода | Чихирева |
| Часть имени, кроме начального элемента ввода | В.С. |
| Код отношения | Составитель |
| 702 #1 - ИМЯ ЛИЦА - ВТОРИЧНАЯ ОТВЕТСТВЕННОСТЬ | |
| Начальный элемент ввода | Могильнер |
| Часть имени, кроме начального элемента ввода | Л.А. |
| Код отношения | Составитель |
| 702 #1 - ИМЯ ЛИЦА - ВТОРИЧНАЯ ОТВЕТСТВЕННОСТЬ | |
| Начальный элемент ввода | Хайритдинова |
| Часть имени, кроме начального элемента ввода | Н.Ш. |
| Код отношения | Составитель |
| 702 #1 - ИМЯ ЛИЦА - ВТОРИЧНАЯ ОТВЕТСТВЕННОСТЬ | |
| Начальный элемент ввода | Махмутов |
| Часть имени, кроме начального элемента ввода | М.И. |
| Расширение инициалов личного имени | Мирза Исмаилович |
| Код отношения | Редактор |
| -- | Автор введения, предисловия, примечания и т.п. |
| 711 12 - НАИМЕНОВАНИЕ ОРГАНИЗАЦИИ - АЛЬТЕРНАТИВНАЯ ОТВЕТСТВЕННОСТЬ | |
| Начальный элемент ввода | Научно-методическая конференция по вопросам теории и практики проблемного обучения |
| Место проведения временной организации | Казань |
| Дата проведения временной организации | 1972 |
| Системный номер авторитетной/нормативной записи | 830388 |
| Идентификатор авторитетной/нормативной записи | RU\NLR\AUTH\880582286 |
| 711 12 - НАИМЕНОВАНИЕ ОРГАНИЗАЦИИ - АЛЬТЕРНАТИВНАЯ ОТВЕТСТВЕННОСТЬ | |
| Начальный элемент ввода | Научно-методический семинар по совершенствованию учебно-воспитательного процесса |
| Место проведения временной организации | Набережные Челны |
| Дата проведения временной организации | 1974 |
| Системный номер авторитетной/нормативной записи | 830390 |
| Идентификатор авторитетной/нормативной записи | RU\NLR\AUTH\880582287 |
| 801 #0 - ИСТОЧНИК ЗАПИСИ | |
| Страна | Российская Федерация |
| Организация | NLR |
| Правила каталогизации | psbo |
| 801 #1 - ИСТОЧНИК ЗАПИСИ | |
| Страна | Российская Федерация |
| Организация | ELAR |
| Источник данных | rusmarc |
| 852 ## - МЕСТОНАХОЖДЕНИЕ И ШИФР ХРАНЕНИЯ | |
| Идентификатор организации | NLR |
| Шифр хранения (Call Number) | 73-3/278 |
| 942 ## - ДОПОЛНИТЕЛЬНЫЕ ЭЛЕМЕНТЫ ЗАПИСИ (АБИС) | |
| Тип экземпляра АБИС | Книга |
Нет доступных экземпляров.